Historias de cronopios y de famas (Registro nro. 264)
[ vista simple ]
| 000 -CABECERA | |
|---|---|
| fixed length control field | 00352nam a22001337a 4500 |
| 001 - NUMERO DE CONTROL | |
| control field | 9789870433613 |
| 003 - CONTROL NUMBER IDENTIFIER | |
| control field | AR-BeUNQ |
| 005 - FECHA Y HORA DE LA ULTIMA TRANSACCION | |
| control field | 20220621161545.0 |
| 245 ## - MENCION DE TITULO | |
| Título | Historias de cronopios y de famas |
| Mención de responsabilidad, etc | Julio Cortázar |
| Medio físico | libro |
| 250 08 - MENCION DE EDICION | |
| Mención de edición | 1a.ed. |
| 260 ## - PUBLICACION, DISTRIBUCION, ETC. | |
| Lugar de publicación, distribución, etc. | CABA : |
| Nombre del editor, distribuidor, etc. | Aguilar, |
| Fecha de publicación, distribución, etc | 2014 |
| 490 ## - MENCION DE SERIE | |
| Mención de serie | Edicion especial para el Ministerio de Educación. |
| 942 ## - ELEMENTOS DE PUNTO DE ACCESO ADICIONAL (KOHA) | |
| Tipo de ítem Koha | Libros |
| Estado de retiro | Estado de pérdida | No para préstamo | Ubicación permanente | Ubicación actual | Ubicación en estantería | Fecha de ingreso | Total Checkouts | Signatura topográfica completa | Inventario | Date last seen | Tipo de ítem Koha |
|---|---|---|---|---|---|---|---|---|---|---|---|
| Biblioteca ESET - UNQ | Biblioteca ESET - UNQ | SALA | 26/06/2019 | A863 / COR EJ1 | 58027 | 21/06/2022 | Libros | ||||
| Biblioteca ESET - UNQ | Biblioteca ESET - UNQ | SALA | 26/06/2019 | A863 / COR EJ2 | 58028 | 21/06/2022 | Libros |